000 00545nam a22001817a 4500
005 20231214074532.0
008 231214b |||||||| |||| 00| 0 eng d
020 _a9781485126058
041 _aEnglish
082 _a341.48 IMM
100 _lEnglish
245 _aImmigration Law in South Africa /
_cedited by F Khan
250 _aFirst Edition
260 _aCape Town :
_bJuta and Company (Pty) Ltd,
_c2018
300 _bxxxii, 312 pages ;
_c25 cm.
650 _aLegal practice
_bLaw
942 _cBK
_6ALISON_BN_VRIES
999 _c1199
_d1199